000 00447nam a2200181Ia 4500
001 13798
005 20260306164827.0
008 260306t1998||||xx |||||||||||||| ||spa||
041 _aESP
082 _a005.3
_bE94
100 _aEtter, Delores M.
_eAUT
245 0 _aSolución de problemas de ingeniería con matlab
260 _c1998
300 _axx, 329 páginas :
_c23 cm.
650 _aGEN
654 _aCCC
942 _cLIB
_dJUS
_fJUS
_2ddc
_n
999 _c13798
_d13798